00651nam a2200193Ia 4500003000900000008004100009020001800050040001600068080001700084100001600101245018300117260005200300300001600352650001400368650001700382650002300399650001200422650002300434IN-BaIIA211028s9999 xx 000 0 eng d a0-521-35168-5 cIIA Library a52(091)bTAT aTaton, Rene 0aPlanetary astronomy from the renaissance to the rise of astrophysicsbpt. B, the eighteenth and nineteenth centuries.cRene Taton  aUK, CambridgebCambridge University Pressc1995 axiii, 281p. aAstronomy aAstrophysics aEighteenth Century aHistory aNineteenth Century